00971nam a22002537a 45000010005000000030006000050050017000110080041000280200018000690400029000870500014001160820011001301000018001412450061001592500036002202600038002563000042002945050008003365200262003445210029006065210020006356500031006557000031006865519FISKH20241216123316.0241216b cb ||||| |||| 00| 0 eng d a9780545080804 aFISKHbengcFISKHdFISKH aQL100.W47 a591.53 aWest, Tracey  aPlanet earth :banimals and their prey /cby Tracey West aFirst printing, September 2008 aNew York : bScholastic ;c1996 . a46 pages : billustrations ;c26 cm . aS  a"Get up close with some of the earth's wildest and most deadly predators. Planet Earth takes you to never-before-seen places to glimpse some of the world's most dangerous -- and unusual -- creatures. Get ready for a wild ride with Planet Earth"--Back cover.8 a790 bLexile estimate 8 aS bRaz-Plus  ainformationalvNon-fiction aMassen, MichaeleDesigner